| 000 | 02084 a2200217 4500 | ||
|---|---|---|---|
| 001 | 229 | ||
| 005 | 20260407155415.0 | ||
| 008 | 260407a2009 arg spa d | ||
| 003 | AR-UNSa-BCEJYS | ||
| 040 |
_aAR-UNSa-BCEJYS _bspa _cAR-UNSa-BCEJYS |
||
| 080 |
_a657.6 _xAuditoria (control interno) |
||
| 245 | 1 | 0 | _aTratado de informes de auditoría, revisión, otros aseguramientos y servicios relacionados |
| 020 | _a978-987-01-0954-9 | ||
| 264 | 1 |
_aBuenos Aires : _bErrepar _c2009 |
|
| 300 |
_axl, 647 p. _c22 cm. |
||
| 505 | _a1. Las Normas de auditoría Argentina - 2. Análisis del contenido de la Resolución Técnica 7, Normas de Auditoría - 3. El informe breve o resumido - 4. Opinión favorable sin salvedades - 5. Opinión favorable con salvedades - 6. Obstención de opinión - 7. Opinión Adversa - 8. Opinión Parcial - 9. Opinión sobre estados contables financieros consolidados - 10. Negocios de único propietario - 11. Informe extenso - 12. Informe sobre estados contables financieros de períodos intermedios - 13. Informes especiales - 14. Certificaciones - 15. Comparación entre estándares internacionales y normas nacionales - 16. Marco conceptual internacional para los compromisos de seguridad - 17. Aspectos destacados de la auditoría basada en riesgos y la nueva visión de la auditoría financiera - 18. Auditoría financiera de pymes - 19. Compromisos de revisión de estados financieros anuales e intermedios - 20. Otros compromisos de aseguramiento - 21. Examén de información financiera prospectiva - 22. Compromisos para desempeñar procedimientos previamente acordados respecto de información financiera - 23. Compromisos para compilación de estados financieros - 24. Informes de auditoría en el marco de los estándares internacionales de Auditoría | ||
| 942 | _cBK | ||
| 590 | _aniveau_biblio:m niveau_hierar:0 | ||
| 100 | 1 | _aCasal, Armando Miguel | |
| 856 | 4 | 1 |
_uhttps://biblioeco.unsa.edu.ar/pmb/images/libros/Tratado de informes de auditoria, revision, otros aseguramientos y servicios relacionados2-l117490.jpg _yImagen de portada _qimage/jpeg |
| 999 |
_c144 _d144 |
||